Rapide Typage 1-100 Numeros - Statistiques

Statistiques générales
  • Ce quiz a été pris 3 077 fois
  • Le résultat moyen est 72 sur 100
Statistiques - réponses
# % Correct
1
100%
2
99%
3
98%
4
98%
5
97%
6
97%
7
97%
8
97%
9
97%
12
93%
10
92%
11
92%
13
92%
14
92%
15
91%
16
91%
17
90%
18
90%
19
90%
21
89%
23
89%
20
88%
22
87%
24
87%
25
87%
26
87%
27
86%
28
86%
29
86%
31
86%
30
85%
32
85%
34
85%
33
84%
35
84%
36
84%
37
83%
38
83%
39
82%
40
82%
41
82%
42
81%
43
81%
45
81%
44
79%
46
78%
47
78%
51
78%
48
77%
49
76%
52
76%
53
76%
54
76%
50
75%
55
75%
56
74%
57
72%
58
72%
59
71%
60
70%
61
70%
62
68%
63
68%
64
67%
65
65%
66
65%
67
64%
68
62%
71
62%
69
61%
70
61%
72
61%
73
60%
74
59%
75
57%
76
57%
77
57%
78
56%
79
53%
81
53%
80
52%
82
51%
83
50%
84
49%
85
47%
86
45%
87
45%
88
45%
89
43%
90
41%
91
41%
92
40%
93
38%
94
38%
95
36%
96
35%
97
34%
98
34%
99
34%
100
31%
Aucun quiz correspondant
Distribution des résultats
% des personnes avec chaque résultat
Percentile par nombre de réponses
Votre historique - résultats
Vous n’avez pas pris ce quiz